Times por Escudo - Brasileirão Serie B 2024 - Statistics

Estatísticas Gerais
  • Esse quiz foi jogado 402 vezes
  • A pontuação média é 17 de 20
Estatísticas das Respostas
Imagem Resposta % Correto
Santos
95%
Avaí
92%
Goiás
92%
Sport
92%
Ceará
91%
Coritiba
89%
Ituano
89%
Paysandu
89%
Ponte Preta
89%
Mirassol
88%
Chapecoense
87%
Amazonas
86%
América MG
86%
CRB
86%
Botafogo SP
84%
Vila Nova
84%
Brusque
83%
Operário PR
83%
Novorizontino
82%
Guarani
78%
Nenhum quiz correspondente encontrado
Distribuição das Pontuações
Porcentagem de Pessoas com Cada Pontuação
Percentil de Números Respondidos
Sua Pontuação Histórica
Você não jogou esse quiz